Culture and customs of the Czech Republic and Slovakia

Podrobná bibliografia
Hlavný autor: Cravens, Craig Stephen 1965- (Autor)
Médium: Kniha
Jazyk:angličtina
Fyzický popis:xvii, 187 s. fotogr., ilustr., mp. 24 cm
Vydavateľské údaje: Westport Greenwood Press 2006
ISBN:0313334129
Vydanie:1st publ.
Edícia:Culture and customs of Europe
Predmet:

MARC

LEADER 00000nam a2200000 a 4500
001 vtls008942061
003 SK-MaSNL
005 20260426014835.0
008 240318s2006 xxuoa n 001 0 eng
015 |a SNBZSA2007-00390 
020 |a 0313334129  |q (viaz.) 
035 |a 5325E366-AF70-4861-874B-9D1F7E4FB857 
035 |a urn:nbn:sk:snk-amlfag 
035 |a urn:nbn:sk:snk-am008xv9 
040 |a SNK  |b slo  |c SNK  |e AACR2 
041 0 |a eng 
043 |a e-xr---  |a e-xo--- 
044 |a xxu  |c US 
072 7 |a 316.7  |x Sociológia kultúry. Kultúrny život  |2 konspekt 
072 7 |a 304  |x Kultúrna politika  |2 konspekt 
080 |a 316.7  |2 2001 
080 |a 304.2/.4  |2 2001 
080 |a (437.3)  |2 2001 
080 |a (437.6)  |2 2001 
100 1 |a Cravens, Craig Stephen  |d 1965-  |4 aut  |9 549750 
245 1 0 |a Culture and customs of the Czech Republic and Slovakia  |c Craig Cravens 
250 |a 1st publ. 
260 |a Westport  |b Greenwood Press  |c 2006 
300 |a xvii, 187 s.  |b fotogr., ilustr., mp.  |c 24 cm 
490 1 |a Culture and customs of Europe 
504 |a Bibliogr. odkazy. Reg. 
650 0 7 |a kultúra  |2 snkph  |9 886 
650 0 7 |a spôsob života  |2 snkph  |9 273332 
650 0 7 |a každodenný život  |2 snkph  |9 4946 
651 7 |a Česko  |2 snkph  |9 16753 
651 7 |a Slovensko  |2 snkph  |9 14231 
655 7 |a odborné publikácie  |2 snkph  |9 60423 
830 0 |a Culture and customs of Europe  |9 549759 
919 |a 0-313-33412-9 
958 |a ZS 
958 |a CZ 
958 |a NB 
999 |c 1169915  |d 1171845 
952 |a SNK  |b SNK  |y VYP  |7 0  |p 17A0612547  |o snkSC 126915 D1  |i snk2009/3942  |8 2  |g 40.00  |0 0  |1 0  |4 0  |d 2009-02-25  |l 0  |r 2026-02-24 21:00:47  |w 2026-02-24 
952 |a SNK  |b SNK  |y PREZ  |7 0  |p 17A0535313  |o snkSC 126915  |i snk2007/5694  |8 2  |g 44.81  |0 0  |1 0  |4 0  |d 2007-02-01  |f 1  |l 0  |r 2025-06-16 00:00:00  |w 2026-02-24